Tiger cub see-and-do / (Record no. 7611)
[ view plain ]
| 000 -LEADER | |
|---|---|
| fixed length control field | 00878nam a22002777a 4500 |
| 001 - CONTROL NUMBER | |
| control field | 7611 |
| 003 - CONTROL NUMBER IDENTIFIER | |
| control field | FISKH |
| 005 - DATE AND TIME OF LATEST TRANSACTION | |
| control field | 20250728093632.0 |
| 008 - FIXED-LENGTH DATA ELEMENTS--GENERAL INFORMATION | |
| fixed length control field | 250728b cb ||||| |||| 00| 0 eng d |
| 020 ## - INTERNATIONAL STANDARD BOOK NUMBER | |
| International Standard Book Number | 9781568998565 |
| 040 ## - CATALOGING SOURCE | |
| Original cataloging agency | FISKH |
| Language of cataloging | eng |
| Transcribing agency | FISKH |
| Modifying agency | FISKH599.756 LCC QL737.C23 G355 |
| 050 ## - LIBRARY OF CONGRESS CALL NUMBER | |
| Classification number | QL737.C23 G355 |
| 082 ## - DEWEY DECIMAL CLASSIFICATION NUMBER | |
| Classification number | 599.756 |
| 100 ## - MAIN ENTRY--PERSONAL NAME | |
| Personal name | Galvin, Laura Gates |
| 245 ## - TITLE STATEMENT | |
| Title | Tiger cub see-and-do / |
| 260 ## - PUBLICATION, DISTRIBUTION, ETC. | |
| Place of publication, distribution, etc. | Washington : |
| Name of publisher, distributor, etc. | Soundprints, |
| Date of publication, distribution, etc. | 2000. |
| 300 ## - PHYSICAL DESCRIPTION | |
| Extent | 16 unnumbered pages : |
| Other physical details | color illustrations ; |
| Dimensions | 18 cm |
| 490 ## - SERIES STATEMENT | |
| Series statement | Let's go to the zoo! |
| 505 ## - FORMATTED CONTENTS NOTE | |
| Formatted contents note | 40<br/> |
| 520 ## - SUMMARY, ETC. | |
| Summary, etc. | Pictures taken at the Smithsonian Institution's National Zoo in Washington, D.C. show tiger mommy teaching her cubs many things. |
| 521 8# - TARGET AUDIENCE NOTE | |
| Target audience note | 40<br/> |
| Source | Lexile estimate |
| 521 8# - TARGET AUDIENCE NOTE | |
| Target audience note | C<br/> |
| Source | Raz-Plus<br/> |
| 650 ## - SUBJECT ADDED ENTRY--TOPICAL TERM | |
| Topical term or geographic name entry element | Tiger Cub |
| Form subdivision | Animals |
| 942 ## - ADDED ENTRY ELEMENTS (KOHA) | |
| Source of classification or shelving scheme | Dewey Decimal Classification |
| Koha item type | Books |
| Suppress in OPAC | No |
| Withdrawn status | Lost status | Source of classification or shelving scheme | Damaged status | Not for loan | Collection | Home library | Current library | Shelving location | Date acquired | Total Checkouts | Full call number | Barcode | Date due | Date last seen | Date last checked out | Copy number | Price effective from | Koha item type |
|---|---|---|---|---|---|---|---|---|---|---|---|---|---|---|---|---|---|---|
| Dewey Decimal Classification | Juvenile Fiction | Footprints International School Library Network Toul Kork Campus | Footprints International School Library Network Toul Kork Campus | TK Primary Library Room(4th Floor), Bookcase 7, Shelves 57-60, Dark Green Books | 07/28/2025 | 3 | GAL 599.756 QL737.C23 G355 | FISBK05688 | 04/15/2026 | 04/01/2026 | 04/01/2026 | 1 | 07/28/2025 | Books |
